Statistics for Starlight (TV) - Taylor Swift (All Lyrics)

Click here to take the quiz!

General Stats

  • This quiz has been taken 13 times
  • The average score is 296 of 343

Answer Stats

Lyrics% Correct
a
100%
And
100%
and
100%
I
100%
Like,
100%
Like
100%
my,
100%
The
100%
the
100%
to
100%
we
100%
We
100%
be
90%
best
90%
boardwalk
90%
dancin'
90%
dancin',
90%
dressed
90%
he
90%
He
90%
It
90%
it
90%
made
90%
marvelous
90%
me
90%
nines
90%
of
90%
Oh
90%
"Oh
90%
on
90%
place
90%
said,
90%
starlight
90%
starlight,
90%
starlight?"
90%
starlight?
90%
tune"
90%
tune
90%
was
90%
were
90%
we're
90%
what
90%
whole
90%
with
90%
you
90%
you,
90%
your
90%
'45
80%
at
80%
blues
80%
Bobby
80%
Can't
80%
can't
80%
change"
80%
could
80%
Don't
80%
"Don't
80%
dream
80%
'em
80%
forget
80%
get
80%
how
80%
if
80%
impossible
80%
in
80%
kids
80%
"Look
80%
moved
80%
never
80%
night
80%
night,
80%
(Ooh
80%
ooh,
80%
Ooh,
80%
party
80%
Picks
80%
Pretendin'
80%
rocks
80%
saying
80%
see
80%
seventeen
80%
singing
80%
skip
80%
snuck
80%
song
80%
spend
80%
summer
80%
teach
80%
that
80%
things?"
80%
things?
80%
things
80%
too
80%
tryin'
80%
up
80%
walked
80%
wild
80%
wild,
80%
worrying
80%
would
80%
about
70%
club
70%
crazy,
70%
crazy
70%
dreams
70%
duchess
70%
Have
70%
he's
70%
into
70%
keep
70%
life
70%
married
70%
met
70%
much
70%
ocean,
70%
out
70%
playin'
70%
prince
70%
remember
70%
runnin'
70%
talkin'
70%
ten
70%
thinkin'
70%
way"
70%
when
70%
yacht
70%
"You'll
70%
late
60%
one
60%
window
60%
hoo)
40%
hoo
40%

Score Distribution

Percentile by Number Answered

Percent of People with Each Score

Your Score History

You have not taken this quiz